[Event "7th Essent op"]
[Site "Hoogeveen NED"]
[Date "2003.10.11"]
[Round "2.1"]
[White "Jonkman, Harmen"]
[Black "Motylev, Alexander"]
[Result "1/2-1/2"]
[WhiteElo "2414"]
[BlackElo "2634"]
[EventDate "2003.10.10"]
[PlyCount "126"]

1.e4 e5 2.Nf3 Nf6 3.Nc3 Nc6 4.Bb5 Nd4 5.Nxd4 exd4 6.e5 dxc3 7.exf6 Qxf6 8.
dxc3 c6 9.Bd3 d5 10.O-O Bd6 11.Qh5 h6 12.Be3 O-O 13.Rae1 b6 14.Bd4 Qf4 15.
Be5 Bxe5 16.Qxe5 Qxe5 17.Rxe5 Bd7 18.f4 Rfe8 19.Rfe1 f6 20.Rxe8+ Rxe8 21.
Rxe8+ Bxe8 22.Kf2 Kf8 23.Ke3 Ke7 24.Bf5 Kd6 25.Kd4 c5+ 26.Ke3 Bb5 27.g3 
Be8 28.Kd3 Bf7 29.a3 g6 30.Bc8 Kc6 31.Bh3 Kd6 32.Bc8 Bg8 33.Ke3 a5 34.Ba6 
Be6 35.Bd3 g5 36.Kf3 Bd7 37.Bg6 Ke7 38.Bd3 Be6 39.Bg6 Bd7 40.Bd3 Kf7 41.
Ba6 Bf5 42.Bd3 Be6 43.Bb5 Bh3 44.Ba6 Ke7 45.Bd3 Bc8 46.Bg6 Kf8 47.Bd3 Kf7 
48.Bb5 Bf5 49.Bd3 Bd7 50.Ba6 Kg6 51.Bd3+ Kg7 52.Ba6 Bf5 53.Bd3 Be6 54.Bb5 
Bf7 55.Bc6 Kf8 56.Kg4 Be6+ 57.Kf3 Ke7 58.Bb5 Kd6 59.Bd3 Bd7 60.Bg6 Ke7 61.
Bd3 Ke6 62.Bg6 Bb5 63.Bh7 Bd7 1/2-1/2

[Event "7th Essent op"]
[Site "Hoogeveen NED"]
[Date "2003.10.11"]
[Round "2.2"]
[White "Inarkiev, Ernesto"]
[Black "Prasad, Devaki V"]
[Result "1-0"]
[WhiteElo "2593"]
[BlackElo "2409"]
[EventDate "2003.10.10"]
[PlyCount "102"]

1.Nf3 Nf6 2.b3 g6 3.Bb2 Bg7 4.g3 c5 5.c4 Nc6 6.Bg2 d6 7.O-O O-O 8.Nc3 Bd7 
9.e3 Qc8 10.Re1 Bh3 11.Bh1 Bg4 12.d3 Qf5 13.Nh4 Qh5 14.f3 Bd7 15.f4 Qxd1 
16.Raxd1 Ne8 17.d4 cxd4 18.exd4 Nxd4 19.Rxe7 Bc6 20.Nd5 Nf3+ 21.Bxf3 Bxb2 
22.Re2 Ba3 23.Ne7+ Kg7 24.Nxc6 bxc6 25.Bxc6 Rc8 26.Bd7 Rd8 27.Bxe8 Rfxe8 
28.Rxe8 Rxe8 29.Nf3 Re3 30.Nd4 Bc5 31.Kf1 a5 32.Nc6 Re8 33.Rd2 Ra8 34.Kg2 
Ra6 35.Ne7 Rb6 36.Nd5 Rb7 37.g4 f5 38.g5 Kf7 39.Kf3 Ba3 40.Re2 Bc5 41.Rd2 
Ba3 42.h4 Bc5 43.Rh2 Bd4 44.h5 Rb8 45.Rd2 Bh8 46.h6 Rb7 47.Ke3 Ke6 48.Kd3 
a4 49.Re2+ Kf7 50.b4 a3 51.b5 Re7 1-0

[Event "7th Essent op"]
[Site "Hoogeveen NED"]
[Date "2003.10.11"]
[Round "2.3"]
[White "Dvoirys, Semen I"]
[Black "Grooten, Herman"]
[Result "1-0"]
[WhiteElo "2569"]
[BlackElo "2390"]
[EventDate "2003.10.10"]
[PlyCount "93"]

1.e4 c6 2.Nc3 d5 3.Qe2 d4 4.Nd1 e5 5.g3 c5 6.d3 Nf6 7.Bg2 Nc6 8.Nf3 Bg4 9.
h3 Bh5 10.O-O Be7 11.g4 Bg6 12.Nh4 Nd7 13.Nf5 O-O 14.f4 exf4 15.Bxf4 Nde5 
16.Nf2 h6 17.Nxe7+ Qxe7 18.Nh1 b5 19.Ng3 c4 20.Nf5 Qb4 21.Rab1 Rfe8 22.
dxc4 bxc4 23.Qf2 Rad8 24.Kh1 Qa5 25.Qh4 Rd7 26.Nxg7 Qd8 27.Qxh6 Rf8 28.Bg5
Qxg5 29.Qxg5 Kxg7 30.Rf6 d3 31.c3 d2 32.Rd1 Rb8 33.Rf2 Rxb2 34.Rfxd2 Rdxd2
35.Rxd2 Rb1+ 36.Kh2 Nd3 37.Rxd3 cxd3 38.Qd5 Rb2 39.Qxd3 Ne5 40.Qd4 f6 41.
Qxa7+ Bf7 42.a4 Kg6 43.Kg3 Bc4 44.h4 Be2 45.h5+ Kh6 46.Qe7 Rb6 47.Qd8 1-0

[Event "7th Essent op"]
[Site "Hoogeveen NED"]
[Date "2003.10.11"]
[Round "2.4"]
[White "Werle, Jan"]
[Black "Hebden, Mark"]
[Result "1/2-1/2"]
[WhiteElo "2409"]
[BlackElo "2560"]
[EventDate "2003.10.10"]
[PlyCount "84"]

1.Nf3 Nf6 2.c4 g6 3.g3 Bg7 4.Bg2 O-O 5.O-O d6 6.d4 c5 7.Nc3 Nc6 8.dxc5 
dxc5 9.Bf4 Nh5 10.Bd2 b6 11.Qc1 Be6 12.b3 Qc8 13.Bh6 Bh3 14.Bxg7 Kxg7 15.
Nd5 Bxg2 16.Kxg2 Qg4 17.Qe3 Nf6 18.Ne5 Nxd5 19.cxd5 Nxe5 20.Qxe5+ Kg8 21.
e4 Qd7 22.Rad1 f5 23.Rfe1 fxe4 24.Rxe4 Rf7 25.Qe6 Qd6 26.Qxd6 exd6 27.Re6 
Rd8 28.f4 Rc7 29.Kf3 Kf7 30.g4 c4 31.Rc1 c3 32.Ke3 b5 33.b4 a5 34.a3 axb4 
35.axb4 Rc4 36.Kd3 Rxf4 37.Rxc3 Rd7 38.Re4 Rf1 39.Ke2 Rb1 40.h4 Ra7 41.g5 
Rh1 42.Rc6 Rh2+ 1/2-1/2

[Event "7th Essent op"]
[Site "Hoogeveen NED"]
[Date "2003.10.11"]
[Round "2.5"]
[White "Glek, Igor Vladimirovich"]
[Black "Willemze, Jeroen"]
[Result "1/2-1/2"]
[WhiteElo "2555"]
[BlackElo "2380"]
[EventDate "2003.10.10"]
[PlyCount "80"]

1.e4 c6 2.d4 d5 3.Nc3 dxe4 4.Nxe4 Bf5 5.Ng3 Bg6 6.h4 h6 7.Nf3 Nd7 8.h5 Bh7
9.Bd3 Bxd3 10.Qxd3 e6 11.Bd2 Ngf6 12.O-O-O Be7 13.Qe2 O-O 14.Kb1 c5 15.d5 
Nxd5 16.Ne4 Qb6 17.c4 N5f6 18.Nc3 Rad8 19.Rdg1 Ng4 20.Bc1 Ndf6 21.Ne1 Qd6 
22.f3 Ne5 23.Nb5 Qb8 24.Bf4 Nfd7 25.Nd3 f6 26.Rd1 a6 27.Nc3 Qc8 28.Bg3 Qc6
29.Nxe5 Nxe5 30.f4 Rxd1+ 31.Rxd1 Nf7 32.Re1 Nd8 33.f5 Re8 34.fxe6 Bd6 35.
Bxd6 Rxe6 36.Qf2 Rxe1+ 37.Qxe1 Qxd6 38.Qe8+ Kh7 39.Qg6+ Kg8 40.Qe8+ Kh7 
1/2-1/2

[Event "7th Essent op"]
[Site "Hoogeveen NED"]
[Date "2003.10.11"]
[Round "2.7"]
[White "Izoria, Zviad"]
[Black "Okkes, Menno"]
[Result "1-0"]
[WhiteElo "2546"]
[BlackElo "2352"]
[EventDate "2003.10.10"]
[PlyCount "141"]

1.c4 c6 2.e4 d5 3.exd5 cxd5 4.d4 Nf6 5.Nc3 e6 6.Nf3 Be7 7.cxd5 Nxd5 8.Bd3 
Nc6 9.O-O O-O 10.Re1 Nf6 11.Bg5 b6 12.Ne5 Bb7 13.Ba6 Qc8 14.Bxb7 Qxb7 15.
Qf3 Rac8 16.Rac1 Na5 17.Qxb7 Nxb7 18.Nb5 a6 19.Na7 Rxc1 20.Rxc1 Bd6 21.
Bxf6 gxf6 22.Nd7 Rd8 23.Nxf6+ Kg7 24.Nh5+ Kg6 25.g4 Kg5 26.h3 f5 27.f3 
fxg4 28.hxg4 Na5 29.Nc8 Bb4 30.Nxb6 Rxd4 31.Rc2 e5 32.Ng3 Rd1+ 33.Kg2 Kf4 
34.a3 Be1 35.Ne4 Nb3 36.Rc6 Ke3 37.Nc4+ Ke2 38.Nxe5 Rb1 39.Nc4 Nd4 40.Rf6 
Kd3 41.Ne5+ Ke3 42.Kh3 Rc1 43.Rxa6 Rc8 44.Nd6 Rf8 45.Nf5+ Nxf5 46.gxf5 
Rxf5 47.Re6 Ba5 48.Nc6+ Kf4 49.Nd4 Rd5 50.Re4+ Kg5 51.f4+ Kf6 52.b4 Bc7 
53.a4 Bd6 54.b5 Bc5 55.Nf3 Rd3 56.Kg3 Bb6 57.Rc4 Kf5 58.Kg2 Be3 59.Ne1 Rd1
60.Nc2 Bxf4 61.Nd4+ Ke5 62.Nc6+ Kf5 63.b6 Rb1 64.Rb4 Rc1 65.Rxf4+ Kxf4 66.
b7 Rb1 67.b8=Q+ Rxb8 68.Nxb8 Ke5 69.Na6 Kd5 70.Nb4+ Kc4 71.a5 1-0

[Event "7th Essent op"]
[Site "Hoogeveen NED"]
[Date "2003.10.11"]
[Round "2.8"]
[White "Jens, Jelmer"]
[Black "Grigoriants, Sergey"]
[Result "0-1"]
[WhiteElo "2387"]
[BlackElo "2525"]
[EventDate "2003.10.10"]
[PlyCount "62"]

1.e4 c5 2.Nf3 e6 3.d4 cxd4 4.Nxd4 Nc6 5.Nc3 d6 6.Be3 Nf6 7.f3 Be7 8.Qd2 
O-O 9.g4 Nd7 10.O-O-O a6 11.Kb1 Nxd4 12.Bxd4 b5 13.h4 Qc7 14.Qg2 b4 15.Ne2
a5 16.g5 a4 17.Nc1 Ra5 18.Be3 Bb7 19.Rg1 Rc8 20.h5 Ne5 21.Bd3 a3 22.Nb3 
axb2 23.Nxa5 Qxa5 24.Bd4 Ra8 25.Bxb2 Qxa2+ 26.Kc1 b3 27.c3 d5 28.Bb1 Qa7 
29.g6 fxg6 30.hxg6 h6 31.Rge1 Bg5+ 0-1

[Event "7th Essent op"]
[Site "Hoogeveen NED"]
[Date "2003.10.11"]
[Round "2.9"]
[White "Beshukov, Sergei"]
[Black "Archangelsky, Mikhail"]
[Result "1-0"]
[WhiteElo "2506"]
[BlackElo "2344"]
[EventDate "2003.10.10"]
[PlyCount "123"]

1.e4 e6 2.d3 d5 3.Qe2 dxe4 4.dxe4 b6 5.Nd2 Ba6 6.Nc4 Ne7 7.Nf3 Nec6 8.Be3 
Be7 9.c3 Na5 10.Nfd2 Nxc4 11.Nxc4 O-O 12.Qc2 c5 13.a4 Nc6 14.Be2 Qc7 15.
O-O Ne5 16.Na3 Bxe2 17.Qxe2 Qc6 18.Bf4 Ng6 19.Bg3 f5 20.f3 f4 21.Bf2 Ne5 
22.Nc4 Bf6 23.Nxe5 Bxe5 24.Qb5 Rac8 25.Rfd1 Qxb5 26.axb5 Rfd8 27.Kf1 Bb8 
28.Bh4 Rxd1+ 29.Rxd1 Be5 30.Ke2 h6 31.Bf2 Kf8 32.Rd7 Rc7 33.Rd8+ Ke7 34.
Ra8 Rd7 35.g3 Kf6 36.Be1 Kf7 37.b3 h5 38.c4 g5 39.gxf4 Bxf4 40.h3 Be5 41.
Bd2 Bf4 42.Bc3 Bd6 43.Rh8 Kg6 44.Rg8+ Kh6 45.Re8 Be7 46.Rh8+ Kg6 47.Rg8+ 
Kf7 48.Rg7+ Ke8 49.Rh7 h4 50.Be5 Bd8 51.Rxd7 Kxd7 52.f4 gxf4 53.Bxf4 Bf6 
54.Kf3 Bc3 55.Kg4 Be1 56.Bg5 Kd6 57.Bxh4 Bxh4 58.Kxh4 Ke5 59.Kg3 Kxe4 60.
h4 e5 61.h5 Kd3 62.h6 1-0

[Event "7th Essent op"]
[Site "Hoogeveen NED"]
[Date "2003.10.11"]
[Round "2.10"]
[White "Williams, Simon Kim"]
[Black "Janssen, Ruud"]
[Result "1/2-1/2"]
[WhiteElo "2380"]
[BlackElo "2489"]
[EventDate "2003.10.10"]
[PlyCount "88"]

1.d4 Nf6 2.c4 e6 3.Nf3 c5 4.d5 exd5 5.cxd5 d6 6.Nc3 g6 7.Qa4+ Bd7 8.Qb3 
Qc7 9.e4 Bg7 10.Bf4 Nh5 11.Be3 O-O 12.Be2 a6 13.a4 Bg4 14.h3 Bxf3 15.Bxf3 
Nd7 16.Bxh5 gxh5 17.Qc2 Ne5 18.Ne2 f5 19.Nf4 fxe4 20.Ne6 Qf7 21.Qxe4 Qf5 
22.Qxf5 Rxf5 23.g4 hxg4 24.hxg4 Nxg4 25.Rg1 h5 26.Ke2 Re8 27.Ra3 Bxb2 28.
Rb3 Bd4 29.Rxb7 Bxe3 30.fxe3 Rxd5 31.Rg7+ Kh8 32.R7xg4 Rxe6 33.Rg8+ Kh7 
34.R8g7+ Kh8 35.Rg8+ Kh7 36.R8g7+ Kh6 37.Rg8 Re7 38.Rh8+ Rh7 39.Rhg8 Re7 
40.Rh8+ Rh7 41.Rhg8 h4 42.e4 Re5 43.Kd3 Kh5 44.R1g2 Rh6 1/2-1/2

[Event "7th Essent op"]
[Site "Hoogeveen NED"]
[Date "2003.10.11"]
[Round "2.11"]
[White "Pert, Nicholas"]
[Black "Rubingh, Otto"]
[Result "1-0"]
[WhiteElo "2488"]
[BlackElo "2299"]
[EventDate "2003.10.10"]
[PlyCount "129"]

1.d4 e6 2.Nf3 f5 3.g3 Nf6 4.Bg2 Be7 5.O-O O-O 6.c4 d6 7.Nc3 Qe8 8.b3 a5 9.
Bb2 Na6 10.Re1 Qg6 11.e3 Rb8 12.a3 Bd7 13.Qc2 Kh8 14.Rad1 c6 15.Ne2 b5 16.
c5 d5 17.Ne5 Qe8 18.Bc3 Bd8 19.Nf4 Bc7 20.Nfd3 Ra8 21.f3 Nb8 22.Re2 Qe7 
23.Be1 Be8 24.g4 fxg4 25.fxg4 Ne4 26.Bxe4 dxe4 27.Nf4 Nd7 28.Nxd7 Bxd7 29.
Qxe4 e5 30.dxe5 Bxg4 31.Ng6+ hxg6 32.Qxg4 Rad8 33.Rxd8 Rxd8 34.Bg3 Rd1+ 
35.Kg2 Qf7 36.Rf2 Qd5+ 37.e4 Qd8 38.Qxg6 Rd2 39.Qh5+ Kg8 40.Qf7+ Kh8 41.
Qh5+ Kg8 42.Qf7+ Kh8 43.e6 Rxf2+ 44.Qxf2 Bxg3 45.hxg3 Qd3 46.Qf8+ Kh7 47.
Qf5+ g6 48.Qf7+ Kh6 49.Qf3 Qc2+ 50.Kf1 Qc1+ 51.Kg2 Qc2+ 52.Kh3 Qxc5 53.b4 
axb4 54.axb4 Qe7 55.Qf4+ Kg7 56.Qe5+ Qf6 57.Qc7+ Kh6 58.Qxc6 Qf1+ 59.Kg4 
Qe2+ 60.Kf4 Qf2+ 61.Ke5 Qxg3+ 62.Kf6 Qf2+ 63.Ke7 Qa7+ 64.Kd8 Qd4+ 65.Qd7 
1-0

[Event "7th Essent op"]
[Site "Hoogeveen NED"]
[Date "2003.10.11"]
[Round "2.12"]
[White "Afek, Yochanan"]
[Black "Stellwagen, Daniel"]
[Result "0-1"]
[WhiteElo "2376"]
[BlackElo "2487"]
[EventDate "2003.10.10"]
[PlyCount "74"]

1.e4 e6 2.d4 d5 3.e5 c5 4.c3 Nc6 5.Nf3 Bd7 6.Be2 Nge7 7.Na3 cxd4 8.cxd4 
Nf5 9.Nc2 Be7 10.O-O h5 11.b4 a6 12.a3 g5 13.Bb2 Qb6 14.Ne3 g4 15.Nxf5 
gxf3 16.Bxf3 exf5 17.Bxd5 Rg8 18.Qb3 Nd8 19.Bf3 Ne6 20.Rad1 Ng5 21.d5 Bb5 
22.Bd4 Qg6 23.Rfe1 Bc4 24.Qc3 Nxf3+ 25.Qxf3 Qg4 26.Qxg4 Rxg4 27.f3 Rg6 28.
d6 Bd8 29.Rc1 Bb5 30.Kf2 Kd7 31.Rc3 Bc6 32.g3 a5 33.Re2 h4 34.gxh4 axb4 
35.axb4 f4 36.Ke1 Bxh4+ 37.Kd1 Ra1+ 0-1

[Event "7th Essent op"]
[Site "Hoogeveen NED"]
[Date "2003.10.11"]
[Round "2.13"]
[White "l`Ami, Erwin"]
[Black "Spoelman, Wouter"]
[Result "1/2-1/2"]
[WhiteElo "2470"]
[BlackElo "2193"]
[EventDate "2003.10.10"]
[PlyCount "118"]

1.e4 d5 2.exd5 Qxd5 3.Nc3 Qd6 4.d4 Nf6 5.Nf3 a6 6.g3 Nc6 7.Bg2 Bg4 8.O-O 
O-O-O 9.Bf4 Qb4 10.d5 e5 11.a3 Qxb2 12.Qd3 e4 13.Qc4 Nxd5 14.Nxd5 exf3 15.
Be5 Qxe5 16.Qxg4+ Qe6 17.Qxf3 Nd4 18.Ne7+ Bxe7 19.Qxb7+ Kd7 20.Rad1 Ke8 
21.Qxc7 Kf8 22.Rfe1 Qd6 23.Qb7 Qf6 24.Rd3 g6 25.Kh1 Bc5 26.c3 Ne6 27.Rf3 
Qe7 28.Qxa6 Kg7 29.Bh3 Rd6 30.Qc4 Rc8 31.Qe4 Bxa3 32.Qe5+ Kg8 33.Rf6 Rc5 
34.Rxe6 fxe6 35.Bxe6+ Rxe6 36.Qxe6+ Qxe6 37.Rxe6 Rxc3 38.Re2 Kg7 39.Kg2 
Kf6 40.h4 h5 41.Ra2 Bc5 42.Rd2 Rc4 43.Re2 Rb4 44.Rc2 Bd4 45.Re2 Kf5 46.Rc2
Rb6 47.Re2 Ra6 48.Kf3 Ra3+ 49.Kg2 Rd3 50.Kh3 Bf6 51.Kg2 Rb3 52.Kh3 Bd4 53.
Kg2 Rb6 54.Kf3 Bf6 55.Kg2 Rb1 56.Kh3 Rb4 57.Ra2 Rg4 58.Re2 Be5 59.Re1 Bf6 
1/2-1/2

[Event "7th Essent op"]
[Site "Hoogeveen NED"]
[Date "2003.10.11"]
[Round "2.14"]
[White "Hoeksema, Hendrik Pieter"]
[Black "Baramidze, David"]
[Result "1-0"]
[WhiteElo "2351"]
[BlackElo "2463"]
[EventDate "2003.10.10"]
[PlyCount "49"]

1.e4 c5 2.Nf3 d6 3.d4 cxd4 4.Nxd4 Nf6 5.Nc3 a6 6.f3 e5 7.Nb3 Be6 8.Be3 Be7
9.Qd2 Nbd7 10.O-O-O Qc7 11.g4 h6 12.Qf2 Bxg4 13.fxg4 Nxg4 14.Nd5 Qc6 15.
Qf3 Nxe3 16.Nxe3 Rc8 17.h4 Nf6 18.Bd3 a5 19.Nd2 a4 20.a3 g6 21.Nb1 Qb6 22.
Nc3 d5 23.Ncxd5 Nxd5 24.Nxd5 Qb3 25.Rhf1 1-0

[Event "7th Essent op"]
[Site "Hoogeveen NED"]
[Date "2003.10.11"]
[Round "2.15"]
[White "Erwich, Marc"]
[Black "Dambacher, Martijn"]
[Result "0-1"]
[WhiteElo "2333"]
[BlackElo "2419"]
[EventDate "2003.10.10"]
[PlyCount "78"]

1.e4 c5 2.Nf3 e6 3.d4 cxd4 4.Nxd4 Nf6 5.Nc3 d6 6.Be2 Nc6 7.O-O Be7 8.Be3 
O-O 9.f4 Bd7 10.Nb3 Qc7 11.Bf3 Rfd8 12.g4 Be8 13.g5 Nd7 14.Bg2 Bf8 15.Rf3 
g6 16.Rh3 Bg7 17.Nb5 Qb8 18.Qxd6 Nb6 19.Qxb8 Raxb8 20.Nxa7 Nc4 21.Nxc6 
Bxc6 22.e5 Bxg2 23.Kxg2 Nxb2 24.Bd4 Rdc8 25.c3 Ra8 26.Rf3 Bf8 27.Nd2 Be7 
28.Ne4 Nc4 29.Rf2 Ra6 30.Rb1 b6 31.Kg3 Ra4 32.Re2 Rca8 33.h4 Kf8 34.h5 
Rxa2 35.Rxa2 Rxa2 36.Bxb6 Nd2 37.Nxd2 Rxd2 38.Be3 Rd3 39.Rb8+ Rd8 0-1

[Event "7th Essent op"]
[Site "Hoogeveen NED"]
[Date "2003.10.11"]
[Round "2.16"]
[White "Galje, Hans"]
[Black "Rogers, Ian"]
[Result "0-1"]
[WhiteElo "2089"]
[BlackElo "2574"]
[EventDate "2003.10.10"]
[PlyCount "94"]

1.d4 Nf6 2.c4 c5 3.d5 b5 4.cxb5 a6 5.bxa6 Bxa6 6.Nc3 d6 7.g3 g6 8.Bg2 Bg7 
9.Nf3 Nbd7 10.Rb1 Qa5 11.Bd2 O-O 12.O-O Rfb8 13.b3 Ng4 14.Qc2 Nge5 15.Nxe5
Nxe5 16.Rfe1 c4 17.Na4 cxb3 18.axb3 Qb5 19.Bf4 Rc8 20.Qd2 Rc7 21.Bxe5 Bxe5
22.e4 Qb7 23.Bh3 Rb8 24.f4 Qa7+ 25.Kh1 Bd4 26.e5 Bb7 27.Bg2 Rd8 28.e6 f5 
29.Rbd1 Bg7 30.Rc1 Rdc8 31.Rxc7 Rxc7 32.Rd1 Bf6 33.h3 Ba6 34.Bf3 Bb5 35.
Be2 Bxa4 36.bxa4 Qxa4 37.Bd3 Qb3 38.Bf1 Qxg3 39.Rb1 Kg7 40.Bg2 Rc4 41.Rf1 
Qb3 42.Rc1 Rd4 43.Qf2 Qb4 44.Rf1 Qc4 45.Qf3 Bh4 46.Kg1 Qc2 47.Ra1 Qd2 0-1

[Event "7th Essent op"]
[Site "Hoogeveen NED"]
[Date "2003.10.11"]
[Round "2.17"]
[White "Van Beek, Alexander"]
[Black "Pel, Bonno"]
[Result "1-0"]
[WhiteElo "2276"]
[BlackElo "2304"]
[EventDate "2003.10.10"]
[PlyCount "73"]

1.d4 Nf6 2.Nf3 g6 3.c4 Bg7 4.Nc3 O-O 5.e4 d6 6.Be2 e5 7.O-O Na6 8.Re1 Qe7 
9.Bg5 exd4 10.Nxd4 c6 11.Bf1 Nc7 12.c5 Qe5 13.Nf3 Qxc5 14.Na4 Qa5 15.b4 
Qxb4 16.Bd2 Qxe4 17.Rxe4 Nxe4 18.Rc1 Bg4 19.Bc3 Nxc3 20.Nxc3 d5 21.h3 Bxf3
22.Qxf3 Rfe8 23.Na4 Ne6 24.Qb3 b6 25.Rxc6 Nd4 26.Qxd5 Nxc6 27.Qxc6 Rac8 
28.Qd7 Rcd8 29.Qxa7 Rd1 30.Nxb6 Bd4 31.Qa6 Ree1 32.Nd5 Kg7 33.Ne3 Bxe3 34.
fxe3 f5 35.Kf2 Rxf1+ 36.Qxf1 Rxf1+ 37.Kxf1 1-0

[Event "7th Essent op"]
[Site "Hoogeveen NED"]
[Date "2003.10.11"]
[Round "2.18"]
[White "Van der Werf, Mark"]
[Black "Malinarski, Yehuda"]
[Result "1-0"]
[WhiteElo "2423"]
[BlackElo "2180"]
[EventDate "2003.10.10"]
[PlyCount "70"]

1.Nf3 Nf6 2.c4 e6 3.d4 d5 4.Bg5 Be7 5.Nc3 c6 6.e3 O-O 7.Qc2 Nbd7 8.Rd1 Re8
9.Bd3 dxc4 10.Bxc4 Nd5 11.Bxe7 Qxe7 12.O-O b5 13.Nxd5 cxd5 14.Bxb5 Rb8 15.
Bd3 g6 16.a3 e5 17.dxe5 Nxe5 18.Nxe5 Qxe5 19.Rd2 Bd7 20.Qc5 Rxb2 21.Rxb2 
Qxb2 22.Qxa7 Bc6 23.Qc5 Rc8 24.Qb4 Rb8 25.Qd6 Rb3 26.Bxg6 Bb5 27.Bxf7+ 
Kxf7 28.Qxd5+ Kg7 29.Qg5+ Kf7 30.Qh5+ Kg7 31.Rd1 Qxa3 32.h4 Qe7 33.Qg4+ 
Kf7 34.Rd4 Rb1+ 35.Kh2 Qe5+ 1-0

[Event "7th Essent op"]
[Site "Hoogeveen NED"]
[Date "2003.10.11"]
[Round "2.19"]
[White "Lorscheid, Gerhard"]
[Black "Van Lommel, Patrick"]
[Result "1/2-1/2"]
[WhiteElo "2297"]
[BlackElo "2168"]
[EventDate "2003.10.10"]
[PlyCount "40"]

1.d4 Nf6 2.c4 g6 3.Nc3 Bg7 4.e4 d6 5.f3 e5 6.Nge2 exd4 7.Nxd4 O-O 8.Be2 c6
9.O-O Re8 10.Kh1 Na6 11.Bg5 Qa5 12.Qd2 Nxe4 13.fxe4 Bxd4 14.Qxd4 Qxg5 15.
Qxd6 Be6 16.Qf4 Qxf4 17.Rxf4 Rad8 18.Rff1 Rd4 19.Rfd1 Red8 20.Kg1 Kg7 
1/2-1/2

[Event "7th Essent op"]
[Site "Hoogeveen NED"]
[Date "2003.10.11"]
[Round "2.20"]
[White "Ahlers, Ben"]
[Black "Ris, Robert"]
[Result "1/2-1/2"]
[WhiteElo "2200"]
[BlackElo "2297"]
[EventDate "2003.10.10"]
[PlyCount "93"]

1.d4 Nf6 2.c4 g6 3.Nc3 d5 4.cxd5 Nxd5 5.g3 Bg7 6.Bg2 Nb6 7.e3 O-O 8.Nge2 
Nc6 9.O-O e5 10.d5 Na5 11.b3 c6 12.Ba3 Re8 13.dxc6 Nxc6 14.Nb5 e4 15.Rc1 
Qxd1 16.Rfxd1 Bg4 17.Kf1 Re5 18.Nc7 Rc8 19.Bd6 Rh5 20.h4 Bf8 21.Bf4 Rf5 
22.Bxe4 Rxf4 23.exf4 Bxe2+ 24.Kxe2 Rxc7 25.Kf1 Be7 26.f5 Kg7 27.fxg6 hxg6 
28.Kg2 Kf6 29.Bf3 Nd7 30.Rc2 Nde5 31.Be2 Bb4 32.f4 Nd7 33.Bg4 Nc5 34.Bf3 
Ne7 35.Rc4 a5 36.Bg4 Kg7 37.h5 gxh5 38.Bxh5 Nf5 39.Kf3 Re7 40.Rd5 Re3+ 41.
Kg4 Nh6+ 42.Kh3 Ne6 43.Kg2 Be1 44.Bf3 Kf6 45.Re4 Ng4 46.Rde5 Rc3 47.Rxe1 
1/2-1/2

[Event "7th Essent op"]
[Site "Hoogeveen NED"]
[Date "2003.10.11"]
[Round "2.21"]
[White "Bensdorp, Marlies"]
[Black "De Jong, Migchiel"]
[Result "0-1"]
[WhiteElo "2171"]
[BlackElo "2274"]
[EventDate "2003.10.10"]
[PlyCount "70"]

1.d4 Nf6 2.c4 g6 3.Nc3 Bg7 4.e4 d6 5.h3 O-O 6.Bg5 Na6 7.Bd3 e5 8.d5 Nc5 9.
Bc2 a5 10.Nf3 c6 11.O-O h6 12.Be3 cxd5 13.cxd5 Ne8 14.Re1 Bd7 15.a3 Rc8 
16.Qd2 Kh7 17.Rac1 b5 18.b4 axb4 19.axb4 Na4 20.Bd3 Nxc3 21.Rxc3 Rxc3 22.
Qxc3 f5 23.Qc2 f4 24.Bd2 g5 25.Ra1 h5 26.Ra7 g4 27.hxg4 hxg4 28.Ng5+ Qxg5 
29.Rxd7 Qh4 30.Qc8 g3 31.Rxg7+ Kxg7 32.Bxb5 Qh2+ 33.Kf1 Qh1+ 34.Ke2 Nf6 
35.Qf5 Qxg2 0-1

[Event "7th Essent op"]
[Site "Hoogeveen NED"]
[Date "2003.10.11"]
[Round "2.22"]
[White "Van Doeland, Julius"]
[Black "Knol, Geon"]
[Result "1/2-1/2"]
[WhiteElo "2273"]
[BlackElo "2163"]
[EventDate "2003.10.10"]
[PlyCount "29"]

1.Nf3 d5 2.c4 e6 3.g3 Nf6 4.Bg2 c6 5.O-O Bd6 6.d4 Nbd7 7.Qb3 O-O 8.Nc3 Re8
9.Rd1 a6 10.a4 h6 11.Nd2 Bf8 12.e4 dxe4 13.Ndxe4 Qa5 14.h3 Nxe4 15.Nxe4 
1/2-1/2

[Event "7th Essent op"]
[Site "Hoogeveen NED"]
[Date "2003.10.11"]
[Round "2.23"]
[White "Cako, Laszlo"]
[Black "Wempe, Joost"]
[Result "0-1"]
[WhiteElo "2164"]
[BlackElo "2259"]
[EventDate "2003.10.10"]
[PlyCount "54"]

1.e4 e6 2.d4 d5 3.Nc3 Bb4 4.e5 c5 5.a3 Bxc3+ 6.bxc3 Ne7 7.Nf3 Bd7 8.a4 Qa5
9.Bd2 Nbc6 10.Be2 c4 11.O-O f6 12.exf6 gxf6 13.Nh4 O-O-O 14.Bg4 Ng6 15.Nf3
h5 16.Bh3 Qc7 17.Qc1 Rhg8 18.Kh1 e5 19.Bxd7+ Qxd7 20.dxe5 fxe5 21.Ng5 Qf5 
22.f4 Nxf4 23.Bxf4 exf4 24.Nh3 Rxg2 25.Kxg2 Rg8+ 26.Kf2 Qxh3 27.Rg1 Qxh2+ 
0-1

[Event "7th Essent op"]
[Site "Hoogeveen NED"]
[Date "2003.10.11"]
[Round "2.24"]
[White "Jongsma, Daan"]
[Black "Slisser, Theo"]
[Result "1-0"]
[WhiteElo "2248"]
[BlackElo "2161"]
[EventDate "2003.10.10"]
[PlyCount "69"]

1.d4 Nf6 2.Nf3 d6 3.Bg5 Nbd7 4.Nbd2 h6 5.Bh4 g5 6.Bg3 Bg7 7.e4 Nh5 8.c3 c5
9.Bc4 Qb6 10.Bb3 Qa6 11.Nc4 cxd4 12.cxd4 b5 13.Ne3 Qa5+ 14.Kf1 Nb6 15.Rc1 
O-O 16.Nxg5 Nxg3+ 17.hxg3 Nc4 18.Bxc4 bxc4 19.Nd5 Re8 20.Nf3 Rb8 21.Rc2 
Qxa2 22.Qc1 Qb3 23.Kg1 Bg4 24.Ne3 Bxf3 25.gxf3 e6 26.Kg2 Bxd4 27.Ng4 Bg7 
28.Rxh6 Kf8 29.Rh7 Bxb2 30.Qf4 Re7 31.e5 Bxe5 32.Nxe5 dxe5 33.Qxe5 Reb7 
34.Qf6 Ke8 35.Rd2 1-0

[Event "7th Essent op"]
[Site "Hoogeveen NED"]
[Date "2003.10.11"]
[Round "2.25"]
[White "Van Geffen, Ben"]
[Black "Giddins, Stephen"]
[Result "0-1"]
[WhiteElo "2150"]
[BlackElo "2237"]
[EventDate "2003.10.10"]
[PlyCount "116"]

1.e4 e5 2.Nf3 Nc6 3.Bc4 Nf6 4.Ng5 d5 5.exd5 Na5 6.d3 h6 7.Nf3 e4 8.Qe2 
Nxc4 9.dxc4 Bc5 10.h3 O-O 11.Nh2 Nd7 12.O-O f5 13.Be3 f4 14.Bxc5 Nxc5 15.
Nd2 f3 16.Qe3 fxg2 17.Kxg2 Bf5 18.Rad1 Qe7 19.Nb3 Nxb3 20.axb3 Rf6 21.Kh1 
Qd7 22.Rg1 Bxh3 23.Rg3 Bf5 24.Rdg1 Re8 25.Ng4 Bxg4 26.Rxg4 Re5 27.R1g3 Re7
28.Rf4 Qd6 29.Rgg4 Rxf4 30.Rxf4 Qe5 31.Kg2 b6 32.f3 exf3+ 33.Qxf3 Qe2+ 34.
Qf2 a5 35.Rf8+ Kh7 36.Qxe2 Rxe2+ 37.Kf3 Re7 38.Rc8 g5 39.d6 cxd6 40.Rc6 
Rf7+ 41.Kg3 Rf6 42.Rxb6 Kg6 43.Ra6 h5 44.Rxa5 h4+ 45.Kg4 Rf4+ 46.Kh3 Rf2 
47.Rd5 Rxc2 48.Rxd6+ Kh5 49.Rd5 Rxb2 50.Rb5 Rc2 51.b4 Rxc4 52.Rb8 g4+ 53.
Kg2 Rc2+ 54.Kg1 h3 55.Rh8+ Kg5 56.b5 Kf4 57.b6 Kg3 58.Kf1 Rb2 0-1

[Event "7th Essent op"]
[Site "Hoogeveen NED"]
[Date "2003.10.11"]
[Round "2.26"]
[White "Willemze, Thomas"]
[Black "Westerkamp, Bert"]
[Result "1/2-1/2"]
[WhiteElo "2232"]
[BlackElo "2129"]
[EventDate "2003.10.10"]
[PlyCount "107"]

1.e4 e5 2.Nf3 Nc6 3.Nc3 Nf6 4.Bb5 Nd4 5.O-O Nxb5 6.Nxb5 c6 7.Nc3 d6 8.h3 
Be7 9.d4 Qc7 10.a4 O-O 11.Qd3 Re8 12.Bg5 Nh5 13.Be3 g6 14.Qc4 Qb8 15.a5 
Be6 16.d5 cxd5 17.Nxd5 Bxd5 18.exd5 Rc8 19.Qb3 Qc7 20.c3 Nf6 21.Ra4 Bd8 
22.Nd2 Nd7 23.Rc4 Nc5 24.Bxc5 dxc5 25.f4 Qd7 26.d6 Qxd6 27.fxe5 Qd5 28.Qa4
Bc7 29.Nf3 b5 30.Qxb5 Rab8 31.Qa6 Re8 32.Rf4 Rxb2 33.c4 Qb7 34.Qxb7 Rxb7 
35.a6 Rb4 36.Ng5 Rxe5 37.Nxh7 Re2 38.Nf6+ Kg7 39.Rh4 Rbb2 40.Rh7+ Kf8 41.
Rh8+ Kg7 42.Rg8+ Kh6 43.Rh8+ Kg7 44.Rh7+ Kf8 45.Ng4 Re7 46.h4 f5 47.Rxe7 
Kxe7 48.Ne3 Be5 49.Nd5+ Kd6 50.h5 gxh5 51.Rxf5 Rc2 52.Ne3 Rc1+ 53.Kf2 Bd4 
54.Ke2 1/2-1/2

[Event "7th Essent op"]
[Site "Hoogeveen NED"]
[Date "2003.10.11"]
[Round "2.27"]
[White "Van Weersel, Arlette"]
[Black "Dogge, Marc"]
[Result "0-1"]
[WhiteElo "2128"]
[BlackElo "2228"]
[EventDate "2003.10.10"]
[PlyCount "68"]

1.e4 c5 2.c4 Nc6 3.Ne2 Nf6 4.Nbc3 e6 5.d4 d5 6.cxd5 exd5 7.Bg5 dxe4 8.d5 
Nb4 9.Ng3 Be7 10.Bb5+ Kf8 11.O-O Bg4 12.Qd2 a6 13.Ba4 Nbxd5 14.Ncxe4 Nxe4 
15.Nxe4 f6 16.Bh4 g5 17.Bg3 Nb6 18.Qc2 Qd4 19.Nc3 Nxa4 20.Nxa4 c4 21.Rfe1 
b5 22.Nc3 Rd8 23.Kh1 Qd3 24.Rac1 Bf5 25.Qe2 Qxe2 26.Rxe2 Kf7 27.Rce1 Bb4 
28.f4 Bg4 29.Rf2 Bc5 30.Rff1 Kg6 31.h3 Bc8 32.fxg5 fxg5 33.Ne4 Bd4 34.h4 
h6 0-1

[Event "7th Essent op"]
[Site "Hoogeveen NED"]
[Date "2003.10.11"]
[Round "2.28"]
[White "Timmermans, Ivo"]
[Black "Potze, Rudolf"]
[Result "1/2-1/2"]
[WhiteElo "2213"]
[BlackElo "2124"]
[EventDate "2003.10.10"]
[PlyCount "118"]

1.e4 c5 2.Nf3 Nc6 3.Nc3 e5 4.Bc4 Be7 5.O-O Nf6 6.d3 d6 7.h3 O-O 8.a3 Nd4 
9.Nh2 Be6 10.Nd5 b5 11.Ba2 a5 12.f4 Bxd5 13.exd5 e4 14.dxe4 Nxe4 15.g4 Re8
16.c3 Bf6 17.Kg2 Nxc3 18.bxc3 Ne2 19.Bb1 Nxc3 20.Qd3 g6 21.g5 c4 22.Qf3 
Bd4 23.Ng4 Re2+ 24.Kh1 Qe7 25.f5 Re1 26.Nh6+ Kf8 27.Bf4 Rxf1+ 28.Qxf1 Nxb1
29.Rxb1 Qe4+ 30.Kh2 Be5 31.Kg3 b4 32.fxg6 hxg6 33.axb4 axb4 34.Bxe5 Ra3+ 
35.Kh2 Qxe5+ 36.Kh1 Qxd5+ 37.Kh2 Qe5+ 38.Kh1 Qd5+ 39.Kh2 Ra2+ 40.Kg3 Qxg5+
41.Ng4 Ra3+ 42.Kh2 Qh4 43.Rxb4 Qg3+ 44.Kh1 Qxh3+ 45.Qxh3 Rxh3+ 46.Kg2 Rc3 
47.Kf2 d5 48.Ne3 Rd3 49.Rb5 c3 50.Rc5 d4 51.Nf1 Rh3 52.Rc4 d3 53.Rxc3 Kg7 
54.Nd2 g5 55.Rc5 Kg6 56.Nf3 f6 57.Rd5 g4 58.Ne1 f5 59.Nxd3 Kg5 1/2-1/2